|
|
|
|
| LEADER |
00000nam0a2200000 4500 |
| 001 |
40340 |
| 005 |
20241105121420.0 |
| 010 |
|
|
|a 5-7692-0397-8
|
| 035 |
|
|
|a (RuTPU)RU\TPU\book\41384
|
| 090 |
|
|
|a 40340
|
| 100 |
|
|
|a 20020513d2001 m y0rusy50 ca
|
| 101 |
0 |
|
|a rus
|
| 102 |
|
|
|a RU
|
| 105 |
|
|
|a acf z 000yb
|
| 181 |
|
0 |
|a i
|b e
|
| 182 |
|
0 |
|a n
|
| 183 |
|
0 |
|a nc
|2 RDAcarrier
|
| 200 |
1 |
|
|a Николай Андреевич Чинакал. Горное дело - жизнь и судьба
|f Л. В. Зворыгин, М. В. Курленя
|g отв. ред. А. Д. Костылев ; Институт горного дела СО РАН
|
| 203 |
|
|
|a Текст
|b визуальный
|c непосредственный
|
| 210 |
|
|
|a Новосибирск
|c Изд-во СО РАН
|d 2001
|
| 215 |
|
|
|a 184 с.
|c ил.
|
| 225 |
1 |
|
|a Наука Сибири в лицах
|
| 283 |
|
|
|a volume
|2 RDAcarrier
|
| 316 |
|
|
|5 63413507: КР-7811
|a На форзаце дарственная надпись: "Глубокоуважаемому Виктору Григорьевичу! В память встреч с этим великим горняком - Н. А. Чинакалом от авторов. Л. В. Зворыгин 03.08.2007 г."
|
| 317 |
|
|
|5 63413507: КР-7811
|a Поступил в НТБ в 2023 г. в составе книжного собрания профессора В. Г. Лукьянова
|
| 320 |
|
|
|a Важнейшие даты жизни и деятельности Н. А. Чинакала: с. 110-112
|
| 320 |
|
|
|a Публикации Н. А. Чинакала: с.113-123
|
| 320 |
|
|
|a Авторские свидетельства Н. А. Чинакала: с. 124-125
|
| 320 |
|
|
|a Литература, изданная под редакцией Н. А. Чинакала: с. 126-127
|
| 320 |
|
|
|a Публикации о Н. А. Чинакале: с. 128-132
|
| 320 |
|
|
|a Приложение 1: Для историков: "шахтинское дело": с. 133-144
|
| 320 |
|
|
|a Приложение 2: Для горняков: от щитов- к комплексам: с. 145-182
|
| 330 |
|
|
|a В книге рассказывается о жизни и деятельности известного горного инженера и ученого Николая Андреевича Чинакала, автора щитовой системы разработки угольных пластов. Анализируются основные труды ученого, освещается его научно-организационная работа на посту директора ГГИ ЗСФ АН СССР и ИГД СО АН СССР, а также широкая общественная, педагогическая и публицистическая деятельность. Не остались без внимания житейские и человеческие достоинства Н. А. Чинакала. Книга предназначается для всех, интересующихся развитием горной науки и горного дела в России.
|
| 600 |
|
1 |
|a Чинакал
|g Николай Андреевич
|b Н. А.
|c российский ученый в области горного дела
|c член-корреспондент АН СССР
|f 1888-1979
|2 stltpui
|3 (RuTPU)RU\TPU\pers\1605
|
| 606 |
1 |
|
|a Горное дело
|2 stltpush
|3 (RuTPU)RU\TPU\subj\7566
|9 35173
|
| 610 |
1 |
|
|a Коллекция История ТПУ
|
| 610 |
1 |
|
|a профессора ТПИ
|
| 610 |
1 |
|
|a горные инженеры
|
| 610 |
1 |
|
|a ученые
|
| 610 |
1 |
|
|a биографии
|
| 610 |
1 |
|
|a горная наука
|
| 610 |
1 |
|
|a история
|
| 610 |
1 |
|
|a Россия
|
| 610 |
1 |
|
|a 20 век
|
| 610 |
1 |
|
|a Библиотека В. Г. Лукьянова
|
| 610 |
1 |
|
|a дары автора
|
| 610 |
1 |
|
|a дарственная надпись
|
| 675 |
|
|
|a 622(092)
|v 4
|
| 700 |
|
1 |
|a Зворыгин
|b Л. В.
|g Леонид Васильевич
|
| 701 |
|
1 |
|a Курленя
|b М. В.
|c российский ученый
|c академик РАН (1991)
|c исследователь в области геомеханики
|c выпускник Томского политехнического института (1953)
|f 1931-
|g Михаил Владимирович
|3 (RuTPU)RU\TPU\pers\22657
|9 9699
|
| 702 |
|
1 |
|a Костылев
|b А. Д.
|4 340
|
| 712 |
0 |
2 |
|a Российская академия наук
|b Сибирское отделение
|b Институт горного дела
|c (Новосибирск)
|3 (RuTPU)RU\TPU\col\2521
|4 570
|9 23700
|
| 801 |
|
1 |
|a RU
|b 63413507
|c 20020513
|g PSBO
|
| 801 |
|
2 |
|a RU
|b 63413507
|c 20210128
|g PSBO
|
| 942 |
|
|
|c BK
|